00688 a2200181 4500999001500000010001400015020002500029035001300054037001500067082001200082100002800094245007500122260003900197270009800236300002600334942003100360952011500391 c5054d5054 aENG-86707 a81870776760c1995.00 aEN-70240 bDBAD / PUB14a720.954 aBhattacharyya, Tarapada1 aVastuvidya systems of Indian architecture /cby Tarapada Bhattacharyya aNew DelhibAjay Book Servicec2007 a4215/1 (Basement), Ansari Road, Darya Ganj,bNew Delhie110 002k23287655masagarbh@yahoo.com axii, 384pc24cm (pbk) adplcEN2ddch720.954mBHA 001040718NFICaDBADbDBADeDBAD/PUBg1995.00l0o720.954 BHApEN-70240r2008-09-15 00:00:00t1v1995.00yEN